000 00622nam a22002057a 4500
003 OSt
005 20260204020038.0
008 260204b |||||||| |||| 00| 0 eng d
020 _a 978-1-63549-377
040 _aDWC-Main lib
_cOC
082 _aCirc. 658.3 O68 2017
100 _aMarco Malloy
245 _aOrganizational Behavior/
_cMarco Malloy
260 _aN.Y. :
_bLarsen & Keller,
_c c2017.
300 _avii, 296 pages:
_billustration;
_c25cm.
504 _aIncludes bibliographical references.
650 _a1. Corporate Culture
650 _a2. Organizational Behavior
942 _2ddc
_cBK-CIRC
_kCirc.
_n0
999 _c8239
_d8239